| 000 -ლიდერი |
| ფიქსირებული სიგრძის საკონტროლო ველი |
01556nam a2200241Ia 4500 |
| 001 - საკონტროლო ნომერი |
| საკონტროლო ველი |
20980 |
| 003 - საკონტროლო ნომრის იდენტიფიკატორი |
| საკონტროლო ველი |
GE_BSU |
| 005 - ბოლო ოპერაციის თარიღი და დრო |
| საკონტროლო ველი |
20210702181918.0 |
| 008 - ფიქსირებული სიგრძის მონაცემთა ელემენტები - ზოგადი ინფორმაცია |
| ფიქსირებული სიგრძის საკონტროლო ველი |
181216s2016||||ge |||||||||||||| ||geo|| |
| 020 ## - წიგნის საერთაშორისო სტანდარტული ნომერი |
| International Standard Book Number |
9789941084065 |
| 040 ## - კატალოგიზაციის წყარო |
| Transcribing agency |
GE_BSU |
| 041 ## - ენის კოდი |
| Language code of text/sound track or separate title |
geo |
| 080 ## - უნივერსალური ათობითი კლასიფიკაციის ინდექსი |
| Universal Decimal Classification number |
629.78(479.22)(092) პ-38 |
| 245 ## - ცნობა სათაურის შესახებ |
| Title |
პირველი ქართული კოსმოსური ობიექტის გენერალური კონსტრუქტორი = The General Constuctor of the first Georgian space object : |
| Remainder of title |
[ელგუჯა მეძმარიაშვილი] / |
| Statement of responsibility, etc |
სარედაქციო ჯგუფი : ნოდარ წიგნაძე, მიხეილ ჯანიკაშვილი, მერაბ ადეიშვილი [და სხვ.]. |
| 264 ## - წარმოების, გამოცემის, დისტრიბუციის და სხვა ცნობები |
| გამოცემის, წარმოების, დისტრიბუციის... ადგილი |
თბილისი : |
| გამოცემის, წარმოების, დისტრიბუციის... სახელწოდება |
საქართველოს ტექნიკური უნ-ტი, |
| გამოცემის, წარმოების, დისტრიბუციის... თარიღი |
2016. |
| 300 ## - ფიზიკური აღწერა |
| Extent |
404, [2] გვ. : |
| Other physical details |
ფოტ. ; |
| Dimensions |
29 სმ. |
| 653 ## - INDEX TERM--UNCONTROLLED |
| Uncontrolled term |
კოსმოსური ტექნიკის ქართველი კონსტრუქტორები |
| 653 ## - INDEX TERM--UNCONTROLLED |
| Uncontrolled term |
ელგუჯა მეძმარიაშვილი |
| 653 ## - INDEX TERM--UNCONTROLLED |
| Uncontrolled term |
პირველი ქართული კოსმოსური ობიექტის გენერალური კონსტრუქტორი |
| 710 ## - ADDED ENTRY--CORPORATE NAME |
| Corporate name or jurisdiction name as entry element |
საქართველოს ტექნიკური უნივერსიტეტი |
| 9 (RLIN) |
12181 |
| 942 ## - ADDED ENTRY ELEMENTS (KOHA) |
| Koha item type |
წიგნი |
| Source of classification or shelving scheme |
|